000 01092nas a2200313 4500
001 BR2013009459
003 BR-BrBNA
005 20231205123333.0
007 ta
008 230509b bl.|||p| |||| 00| 00por d
040 _aBR-BrBNA
_bpor
_cBiblioteca Nacional de Agricultura
041 _a(Pt)
072 _aH50; F62
100 1 _aSilva, L. de C.R.
100 1 _aCorrêa, R.S.
245 1 _aSobrevivência e crescimento de seis espécies arbóreas submetidas a quatro tratamentos em área minerada no cerrado
246 1 _aSurvival and growth of six tree species under four treatments on a mined area in the brazilian savanna
650 _aCERRADO
650 _aCRESCIMENTO
650 _aCONDIÇÃO AMBIENTAL
650 _aREVEGETAÇÃO
650 _aMINERAÇÃO
650 _aTOXIDEZ
650 _a
773 0 _tRevista Árvore (Brazil)
_xISSN 0100-6762
_g(Jul-Aug 2008), v. 32(4) p. 731-740
_wBR2013009459
856 4 _uhttp://www.scielo.br/pdf/rarv/v32n4/a15v32n4.pdf
_yRecurso eletrônico (PDF)
909 _a202311
_bLúcia
_c55
_dLúcia Elande
942 _2AGRIS
_n0
_cANA
999 _c233393
_d233393